000 004370000a22001810004500
003 MACL
005 20150920121500.0
008 150920b xxu||||| |||| 00| 0 eng d
040 _aMACL
_cMACL
041 _aEnglish
082 _a891/NIS
100 _aNishat, Jameela
_912328
245 _aMy Life Giving Ganges
260 _bSahitya Akademi
_c2008
_aDelhi
350 _a70
650 _aLiterature
_912329
942 _cBK
_k891/NIS
_2ddc
999 _c41795
_d41795